000 00818nam a2200217 i 4500
001 131629
003 ES-MaACL
005 20250907063109.0
007 t|
008 070214s1944 sp r ||||1| spa d
100 1 _aRodríguez Herrero, Angel,
_d1902-1990
_998576
245 1 0 _aBoletín de la Comisión de Monumentos de Vizcaya
_b: índice general /
_cAngel Rodríguez y Herrero.
260 _aBilbao :
_bDiputación Provincial de Vizcaya,
_c1944.
300 _a79 p. ;
_c24 cm.
630 0 4 _aBoletín de la Comisión de Monumentos de Vizcaya-
_vÍndices.
_9162677
650 4 _aMonumentos-
_zVizcaya-
_vBibliografías.
_9162678
710 2 _aVizcaya.
_bDiputación Foral.
_97561
710 2 _aComisión de Monumentos de Vizcaya.
_93021
852 _aES-MaACL
_jE-5317
_bR.89230
999 _c131629
_d131629